Statistiques concernant Les sélections nationales de foot membres de l'UEFA

Cliquez ici pour prendre le quiz!

Statistiques générales

  • Ce quiz a été pris 147 fois
  • Le résultat moyen est 45 sur 55

Statistiques - réponses

sélection nationale% Correct
France
100%
Angleterre
99%
Espagne
97%
Portugal
96%
Suède
96%
Allemagne
95%
Belgique
94%
Finlande
93%
Irlande
92%
Ecosse
91%
Lituanie
91%
Norvège
91%
Pays-Bas
91%
Russie
91%
Estonie
90%
Lettonie
90%
Suisse
90%
Ukraine
90%
Andorre
89%
Italie
89%
Albanie
87%
Autriche
87%
Turquie
87%
Danemark
86%
Grèce
85%
Pays de Galles
85%
Pologne
85%
Slovénie
85%
Croatie
84%
Hongrie
84%
Luxembourg
84%
Slovaquie
84%
Islande
83%
Saint-Marin
82%
Tchéquie
82%
Bosnie-Herzégovine
81%
Roumanie
81%
Serbie
81%
Macédoine du Nord
78%
Bulgarie
77%
Biélorussie
76%
Monténégro
76%
Irlande du Nord
74%
Kosovo
74%
Moldavie
74%
Chypre
73%
Arménie
71%
Malte
70%
Liechtenstein
68%
Israël
65%
Géorgie
61%
Azerbaidjan
59%
Gibraltar
56%
Kazakhstan
54%
Îles Féroé
47%

Distribution des résultats

Percentile par nombre de réponses

% des personnes avec chaque résultat

Votre développement - résultats

Vous n’avez pas pris ce quiz